Une lettre suffit pour répondre juste #80 (attention 10 lettres tuent) - Statistiques

Statistiques générales
  • Ce quiz a été pris 142 fois
  • Le résultat moyen est 3 sur 6
Statistiques - réponses
Hint Réponse % Correct
Donne une des 4 lettres du nom de ce film d'animation sorti en 2006 en extrait (entièrement en images de synthèse des studios Pixar) : _ _ _ _
CARS
100%
Donne une des 5 lettres qui complète le nom de ce groupe : Pink _ _ _ _ _
FLOYD
100%
Donne une des 3 lettres du titre de ce film américain réalisé par William Friedkin sorti en 2006 avec Ashley Judd : _ _ _ Ce mot peut désigner aussi un défaut de conception ou de programmation d'un programme informatique.
BUG
63%
Donne une des 2 lettres du nom de domaine internet du pays en vert ci-dessous (en zoomant) : . _ _
TW (Taiwan)
37%
Donne la lettre qui est la plus présente dans le nom en 5 lettres de cette artiste :
H (Hoshi)
19%
Donne la lettre qui est la plus présente dans le nom du département qui a parmi ses 6 communes les plus peuplées en 2022 : -Albert -Corbie -Montdidier M (soMMe)
4%
Aucun quiz correspondant
Distribution des résultats
% des personnes avec chaque résultat
Percentile par nombre de réponses
Votre historique - résultats
Vous n’avez pas pris ce quiz